000 00338nam a2200145 4500
003 CO-ViMGA
020 _a9583000841
040 _aCO-ViMGA
_bspa
_cCO-ViMGA
082 _a184.1
_bP517d
100 1 _aPlaton,
_d1998
_910431
245 1 0 _aDialogos
260 _aSantafé de Bogotá :
_bpanamericana
_c1998
300 _a552
942 _2ddc
_cBK
999 _c11193
_d11193